000 00242nam a2200097Ia 4500
008 221030s9999 xx 000 0 und d
245 0 _aAcquistion & Penetartion of Casa
260 _bHDFC Bank
_aJammu
_c2018
650 _aManagement
942 _cTH
999 _c18399
_d18399